| 000 | 00598nam a2200205 i 4500 | ||
|---|---|---|---|
| 001 | 95161 | ||
| 003 | ES-MaACL | ||
| 007 | t| | ||
| 008 | 050524s1953 sp ||||1| spa d | ||
| 100 | 1 |
_aLudwig, Emil. _974618 |
|
| 245 | 1 | 3 |
_aLa vida novelesca de Eduardo, Duque de Windsor / _cEmil Ludwig; [traducción de Arístides Gamboa]. |
| 250 | _a[1ª ed.]. | ||
| 260 |
_aBarcelona : _bSímbolo, _c1953. |
||
| 300 |
_a160 p. ; _c19 cm. |
||
| 490 | 1 | _aDiamante | |
| 700 | 1 |
_aGamboa, Aristides. _953763 |
|
| 830 | 0 |
_aDiamante _9229874 |
|
| 852 |
_aES-MaACL _jC-6051 _bR.35015 |
||
| 999 |
_c95161 _d95161 |
||